MARC details
| 000 -LEADER |
| fixed length control field |
02044cam a2200469 i 4500 |
| 001 - CONTROL NUMBER |
| control field |
15735162 |
| 003 - CONTROL NUMBER IDENTIFIER |
| control field |
EG-ScBUE |
| 005 - DATE AND TIME OF LATEST TRANSACTION |
| control field |
20250513094941.0 |
| 008 - FIXED-LENGTH DATA ELEMENTS--GENERAL INFORMATION |
| fixed length control field |
090512t2009 nyuah f b 000 0aeng d |
| 020 ## - INTERNATIONAL STANDARD BOOK NUMBER |
| International Standard Book Number |
9780393065671 |
| 020 ## - INTERNATIONAL STANDARD BOOK NUMBER |
| International Standard Book Number |
0393065677 |
| 035 ## - SYSTEM CONTROL NUMBER |
| System control number |
(OCoLC)ocn317919484 |
| 035 ## - SYSTEM CONTROL NUMBER |
| System control number |
(DLC)15735162 |
| 040 ## - CATALOGING SOURCE |
| Original cataloging agency |
DLC |
| Language of cataloging |
eng |
| Description conventions |
rda |
| Transcribing agency |
DLC |
| Modifying agency |
BTCTA |
| -- |
UKM |
| -- |
C#P |
| -- |
CLU |
| -- |
IXA |
| -- |
YDXCP |
| -- |
FHP |
| -- |
NLGGC |
| -- |
CDX |
| -- |
DLC |
| -- |
DLC-MRC |
| -- |
DLC |
| -- |
EG-ScBUE |
| 041 1# - LANGUAGE CODE |
| Language code of text/sound track or separate title |
eng |
| Language code of original and/or intermediate translations of text |
ger |
| 043 ## - GEOGRAPHIC AREA CODE |
| Geographic area code |
e-sz--- |
| 082 04 - DEWEY DECIMAL CLASSIFICATION NUMBER |
| Classification number |
150.1954 |
| Edition number |
22 |
| Item number |
JUN |
| 100 1# - MAIN ENTRY--PERSONAL NAME |
| Personal name |
Jung, C. G. |
| Fuller form of name |
(Carl Gustav), |
| Dates associated with a name |
1875-1961, |
| Relator term |
author |
| 245 14 - TITLE STATEMENT |
| Title |
The red book : |
| Remainder of title |
liber novus / |
| Statement of responsibility, etc |
C.G. Jung ; edited by Sonu Shamdasani ; preface by Ulrich Hoerni ; translated by Mark Kyburz, John Peck, and Sonu Shamdasani. |
| 246 31 - VARYING FORM OF TITLE |
| Title proper/short title |
Liber novus |
| 250 ## - EDITION STATEMENT |
| Edition statement |
First edition. |
| 264 #1 - PUBLICATION, DISTRIBUTION, ETC. (IMPRINT) |
| Place of publication, distribution, etc |
New York ; |
| -- |
London : |
| Name of publisher, distributor, etc |
W.W. Norton & Company, |
| Date of publication, distribution, etc |
[2009] |
| 264 #4 - PUBLICATION, DISTRIBUTION, ETC. (IMPRINT) |
| Date of publication, distribution, etc |
c2009 |
| 300 ## - PHYSICAL DESCRIPTION |
| Extent |
xii, 371 pages : |
| Other physical details |
color illustrations, facsimiels ; |
| Dimensions |
40 cm |
| 336 ## - CONTENT TYPE |
| Content type term |
text |
| Content type code |
txt |
| Source |
rdacontent |
| 337 ## - MEDIA TYPE |
| Media type term |
unmediated |
| Media type code |
n |
| Source |
rdamedia |
| 338 ## - CARRIER TYPE |
| Source |
rdacarrier |
| Carrier type term |
volume |
| Carrier type code |
nc |
| 504 ## - BIBLIOGRAPHY, ETC. NOTE |
| Bibliography, etc |
Includes bibliographical references. |
| 520 ## - SUMMARY, ETC. |
| Summary, etc |
When Carl Jung embarked on an extended self-exploration, the result was "The Red Book," a large, illuminated volume he created between 1914 and 1930. However, only a handful of people have ever seen it. Now, in a complete facsimile and translation, it is available to scholars and the general public. |
| 546 ## - LANGUAGE NOTE |
| Language note |
Text in English and German. |
| 600 17 - SUBJECT ADDED ENTRY--PERSONAL NAME |
| Personal name |
Jung, C. G. |
| Fuller form of name |
(Carl Gustav), |
| Dates associated with a name |
1875-1961. |
| Source of heading or term |
BUEsh |
| 650 #7 - SUBJECT ADDED ENTRY--TOPICAL TERM |
| Topical term or geographic name as entry element |
Psychoanalysts |
| Geographic subdivision |
Switzerland |
| Form subdivision |
Biography. |
| Source of heading or term |
BUEsh |
| 650 #7 - SUBJECT ADDED ENTRY--TOPICAL TERM |
| Topical term or geographic name as entry element |
Jungian psychology. |
| 650 #7 - SUBJECT ADDED ENTRY--TOPICAL TERM |
| Topical term or geographic name as entry element |
Psychoanalysis |
| Geographic subdivision |
Switzerland |
| Form subdivision |
Personal Narratives. |
| Source of heading or term |
BUEsh |
| 650 #7 - SUBJECT ADDED ENTRY--TOPICAL TERM |
| Topical term or geographic name as entry element |
Unconscious (Psychology) |
| Form subdivision |
Personal Narratives. |
| Source of heading or term |
BUEsh |
| 650 #7 - SUBJECT ADDED ENTRY--TOPICAL TERM |
| Topical term or geographic name as entry element |
Dreams |
| Form subdivision |
Personal Narratives. |
| Source of heading or term |
BUEsh |
| 650 #7 - SUBJECT ADDED ENTRY--TOPICAL TERM |
| Topical term or geographic name as entry element |
Psychoanalysis |
| Form subdivision |
Manuscripts. |
| Source of heading or term |
BUEsh |
| 653 ## - INDEX TERM--UNCONTROLLED |
| Arrived date list |
May2025 |
| Resource For college |
Humanities: Psychology |
| 655 ## - INDEX TERM--GENRE/FORM |
| Form subdivision |
Reading book |
| 700 1# - ADDED ENTRY--PERSONAL NAME |
| Personal name |
Shamdasani, Sonu, |
| Dates associated with a name |
1962- |
| Relator term |
contributor. |
| 942 ## - ADDED ENTRY ELEMENTS (KOHA) |
| Source of classification or shelving scheme |
Dewey Decimal Classification |
| Koha item type |
NB - Book (Non borrowing) |